000 00268nam a22001097a 4500
082 _a657 BAU'E
100 _aBAUER, ROYEL D. M,DARBY, PAUL HOLLAND
_958601
245 _aELEMENTARY ACCOUNTING
260 _aNEWYORK
_bBARNES & NOBLE
_c1952
300 _a221P
942 _cBK
999 _c568764
_d568764